Qualitative Content Analysis : A Step By Step Guide (Record no. 43458)

MARC details
000 -LEADER
fixed length control field 01494cam a22003495i 4500
001 - CONTROL NUMBER
control field 21969271
005 - DATE AND TIME OF LATEST TRANSACTION
control field 20250328111359.0
008 - FIXED-LENGTH DATA ELEMENTS--GENERAL INFORMATION
fixed length control field 210402s2021 cau 000 0 eng
010 ## - LIBRARY OF CONGRESS CONTROL NUMBER
LC control number 2021936488
020 ## - INTERNATIONAL STANDARD BOOK NUMBER
International Standard Book Number 9781529701975
020 ## - INTERNATIONAL STANDARD BOOK NUMBER
International Standard Book Number 9781529701982
020 ## - INTERNATIONAL STANDARD BOOK NUMBER
Canceled/invalid ISBN 9781529765908
020 ## - INTERNATIONAL STANDARD BOOK NUMBER
Canceled/invalid ISBN 9781529765076
020 ## - INTERNATIONAL STANDARD BOOK NUMBER
Canceled/invalid ISBN 9781529766738
041 ## - LANGUAGE CODE
Language code of text/sound track or separate title eng
042 ## - AUTHENTICATION CODE
Authentication code pcc
082 ## - DEWEY DECIMAL CLASSIFICATION NUMBER
Classification number 300.72 MAY
100 1# - MAIN ENTRY--PERSONAL NAME
Author Mayring, Philipp
245 10 - TITLE STATEMENT
Title Qualitative Content Analysis : A Step By Step Guide
260 ## - PUBLICATION, DISTRIBUTION, ETC.
Place London
Publisher Sage Publication
Publication Year 2022
300 ## - PHYSICAL DESCRIPTION
Extent 222;. pages: 24 cm
520 ## - SUMMARY, ETC.
Summary, etc. "In eight clear-cut steps, this book provides a systematic introduction to qualitative content analysis and how you can use it in each stage of your research project, no matter the type or amount of data. To support you in choosing the best approach for your research, this book includes: Examples of how QCA can be applied to different research processes; Discussions of how to use QCA software and why it can benefit your research; An online how-to manual to help you get the most out of QCA map software"--
650 ## - SUBJECT ADDED ENTRY--TOPICAL TERM
Subject Social Sciences; Research Methodology; Qualitative Research
942 ## - ADDED ENTRY ELEMENTS (KOHA)
Koha item type Books
263 ## - PROJECTED PUBLICATION DATE
Projected publication date 2111
264 #1 - PRODUCTION, PUBLICATION, DISTRIBUTION, MANUFACTURE, AND COPYRIGHT NOTICE
Place of production, publication, distribution, manufacture Thousand Oaks :
Name of producer, publisher, distributor, manufacturer SAGE Publications,
Date of production, publication, distribution, manufacture, or copyright notice 2021.
336 ## - CONTENT TYPE
Content type term text
Content type code txt
Source rdacontent
337 ## - MEDIA TYPE
Media type term unmediated
Media type code n
Source rdamedia
338 ## - CARRIER TYPE
Carrier type term volume
Carrier type code nc
Source rdacarrier
906 ## - LOCAL DATA ELEMENT F, LDF (RLIN)
a 0
b ibc
c orignew
d 2
e epcn
f 20
g y-gencatlg
Holdings
Withdrawn status Lost status Source of classification or shelving scheme Damaged status Not for loan Home library Current library Shelving location Accession Date Vendor Price Bill number Total Checkouts Full call number Barcode No Date last seen Discount Bill Date Koha item type Suggested By
    Dewey Decimal Classification     IMTN IMTN Rack 5-A 03/24/2025 Raghav Books Private Limited 4450.89 2374   300.72 MAY 33749 03/28/2025 33 02/14/2025 Books Dr. Veena Pailwar
Designed & Maintained by: LRC IMT Nagpur Contact: lrc@imtnag.ac.in© 2024. All Rights Reserved.